[Event "XIII Weekend A"]
[Site "Porto Sant'Elpidio ITA"]
[Date "2010.11.27"]
[Round "4"]
[White "Marsili, Riccardo"]
[Black "Bruno, Fabio"]
[Result "0-1"]
[WhiteElo "1938"]
[BlackElo "2465"]
[PlyCount "247"]
[EventDate "2010.11.20"]

1. e4 c5 2. Nf3 e6 3. Nc3 a6 4. d4 cxd4 5. Nxd4 Qc7 6. Bd3 Nf6 7. O-O d6 8. Kh1
b5 9. a3 Bb7 10. Qe2 Nbd7 11. f4 Be7 12. Be3 O-O 13. Rae1 d5 14. e5 Ne4 15.
Bxe4 dxe4 16. Bg1 b4 17. Nxe4 bxa3 18. bxa3 Rfe8 19. Rd1 Bd5 20. Rf3 Qb7 21.
Re3 Rec8 22. Nc3 Bc4 23. Qg4 Bf8 24. f5 Qc7 25. Rde1 exf5 26. Nxf5 Be6 27. Qg5
Qd8 28. Qxd8 Rxd8 29. Nd4 Re8 30. Nxe6 Rxe6 31. Nd5 Rc8 32. Nf4 Rec6 33. e6
fxe6 34. Nxe6 Rxc2 35. Nxf8 Nxf8 36. h3 Ng6 37. Re8+ Kf7 38. Rxc8 Rxc8 39. Rb1
Ne7 40. Bd4 g6 41. Kg1 Rc6 42. Rb3 h5 43. g3 Nf5 44. Bf2 Ke6 45. Rd3 Ke5 46.
Kg2 Nd6 47. Re3+ Ne4 48. Re2 Rc3 49. Ra2 g5 50. a4 g4 51. hxg4 hxg4 52. a5 Rf3
53. Be1 Re3 54. Bf2 Rd3 55. Be1 Kd4 56. Bf2+ Kc4 57. Re2 Kd5 58. Be1 Rd1 59.
Bf2 Rd2 60. Rxd2+ Nxd2 61. Bb6 Ke4 62. Bd8 Ke3 63. Bb6+ Ke2 64. Bd8 Nc4 65. Bb6
Ne3+ 66. Kg1 Kf3 67. Bc7 Nf5 68. Kh2 Ne3 69. Kg1 Nd5 70. Bd6 Nc3 71. Bc7 Ne2+
72. Kh2 Kf2 73. Bb6+ Kf1 74. Ba7 Nc3 75. Bb8 Ne4 76. Ba7 Ng5 77. Bb8 Nf3+ 78.
Kh1 Nd2 79. Kh2 Kf2 80. Ba7+ Kf3 81. Bb8 Nf1+ 82. Kg1 Nxg3 83. Ba7 Ne2+ 84. Kf1
g3 85. Ke1 Nc1 86. Bb6 Nb3 87. Kf1 Nd2+ 88. Kg1 Nc4 89. Kf1 Ne5 90. Ba7 Nf7 91.
Kg1 Ng5 92. Bb6 Nh3+ 93. Kh1 Nf4 94. Ba7 Kg4 95. Be3 Ng6 96. Kg2 Nh4+ 97. Kf1
Kf3 98. Bg5 Nf5 99. Bd8 Ne3+ 100. Kg1 Nd5 101. Bb6 Nf4 102. Ba7 Nh3+ 103. Kh1
Nf2+ 104. Kg1 Nd3 105. Bb8 Nc1 106. Ba7 Ne2+ 107. Kh1 Kg4 108. Kg2 Nf4+ 109.
Kf1 Kf3 110. Kg1 Nd5 111. Kf1 Nc3 112. Kg1 Nb5 113. Bb6 Nd6 114. Kf1 Ne8 115.
Kg1 Nf6 116. Kf1 Ng4 117. Kg1 g2 118. Ba7 Kg3 119. Bb8+ Kh3 120. Bf4 Nf6 121.
Bg3 Ne4 122. Bf4 Nc3 123. Be3 Ne2+ 124. Kf2 0-1

[Event "XIII Weekend A"]
[Site "Porto Sant'Elpidio ITA"]
[Date "2010.11.27"]
[Round "4"]
[White "Rinaudo, Sergio"]
[Black "Rinaudo, Andrea"]
[Result "1/2-1/2"]
[WhiteElo "2126"]
[BlackElo "2099"]
[PlyCount "20"]
[EventDate "2010.11.20"]

1. c4 e6 2. d4 d5 3. Nf3 Nf6 4. g3 dxc4 5. Qa4+ Bd7 6. Qxc4 Bc6 7. Bg2 Nbd7 8.
O-O Be7 9. Nc3 O-O 10. Rd1 h6 1/2-1/2

[Event "XIII Weekend A"]
[Site "Porto Sant'Elpidio ITA"]
[Date "2010.11.27"]
[Round "4"]
[White "Sagripanti, Michele"]
[Black "Vesce, Emanuele"]
[Result "1-0"]
[WhiteElo "1887"]
[BlackElo "1832"]
[PlyCount "77"]
[EventDate "2010.11.20"]

1. e4 c5 2. f4 Nc6 3. Nf3 g6 4. Bb5 Bg7 5. Bxc6 bxc6 6. O-O d5 7. d3 e6 8. Qe2
Ne7 9. Nbd2 Qb6 10. Kh1 Ba6 11. a4 Rb8 12. Ra3 O-O 13. Rb3 Qc7 14. Rxb8 Rxb8
15. b3 Re8 16. Ba3 Qa5 17. Qf2 d4 18. Qh4 Qc3 19. Rc1 Nc8 20. e5 Ne7 21. Ne4
Nf5 22. Nxc3 Nxh4 23. Nxh4 dxc3 24. Bxc5 g5 25. Nf3 gxf4 26. Bd4 Rd8 27. Bxc3
c5 28. Bd2 Bh6 29. g3 Bb7 30. Rf1 Kg7 31. g4 Kg6 32. Kg1 Bxf3 33. Rxf3 Rd5 34.
h4 Rxe5 35. h5+ Kg5 36. Rxf4 Kh4 37. g5+ Kxg5 38. Re4+ Kf6 39. Bc3 1-0

[Event "XIII Weekend A"]
[Site "Porto Sant'Elpidio ITA"]
[Date "2010.11.28"]
[Round "5"]
[White "Bruno, Fabio"]
[Black "Sagripanti, Michele"]
[Result "1-0"]
[WhiteElo "2465"]
[BlackElo "1887"]
[PlyCount "55"]
[EventDate "2010.11.20"]

1. d4 Nf6 2. Nf3 e6 3. e3 b6 4. Bd3 Bb7 5. O-O d5 6. c4 dxc4 7. Bxc4 Bd6 8. Nc3
O-O 9. Qe2 Nc6 10. Rd1 Qc8 11. e4 e5 12. Bg5 exd4 13. Bxf6 dxc3 14. Bxc3 Qg4
15. h3 Qh5 16. Rd5 Qh6 17. Rg5 g6 18. e5 Be7 19. Rg3 Rae8 20. e6 f6 21. Rd1 Rd8
22. Rd7 Bc8 23. Qe4 Bb7 24. Rxe7 Nxe7 25. Qxb7 Qc1+ 26. Ne1 Rd1 27. Re3 Rfd8
28. Qxc7 1-0

[Event "XIII Weekend A"]
[Site "Porto Sant'Elpidio ITA"]
[Date "2010.11.28"]
[Round "5"]
[White "Di Pietro, Gabriele"]
[Black "Briffault, Philippe"]
[Result "0-1"]
[WhiteElo "1856"]
[BlackElo "1961"]
[PlyCount "94"]
[EventDate "2010.11.20"]

1. e4 Nf6 2. e5 Nd5 3. d4 d6 4. c4 Nb6 5. f4 Bf5 6. Nc3 Nc6 7. Be3 dxe5 8. fxe5
e6 9. Nf3 Bg4 10. Be2 Be7 11. O-O O-O 12. d5 Bxf3 13. Bxb6 axb6 14. dxc6 Bc5+
15. Kh1 Bxc6 16. Bf3 Bd4 17. Qe2 Qg5 18. Rae1 Bxc3 19. bxc3 Ra3 20. Bxc6 bxc6
21. Rf3 Rfa8 22. Rg3 Qh4 23. Rf1 Rxa2 24. Qf3 Qe7 25. Qg4 Qf8 26. h4 Ra1 27.
Rxa1 Rxa1+ 28. Kh2 g6 29. Rd3 Qe7 30. h5 Rf1 31. h6 Rf5 32. Qd4 Rh5+ 33. Rh3
Rxh3+ 34. Kxh3 Qg5 35. Qh4 Qxh4+ 36. Kxh4 c5 37. Kg5 Kf8 38. Kf6 c6 39. g4 b5
40. g5 b4 41. cxb4 cxb4 42. c5 Kg8 43. Ke7 b3 44. Kd6 b2 45. Kxc6 b1=Q 46. Kd7
Qb7+ 47. Kd6 Qd5+ 0-1

[Event "XIII Weekend A"]
[Site "Porto Sant'Elpidio ITA"]
[Date "2010.11.28"]
[Round "5"]
[White "Faini, Marco"]
[Black "Balzano, Filli"]
[Result "1/2-1/2"]
[WhiteElo "1951"]
[BlackElo "1805"]
[PlyCount "126"]
[EventDate "2010.11.20"]

1. c4 c6 2. g3 d5 3. Qc2 Nf6 4. Bg2 g6 5. d3 Bg7 6. Nc3 O-O 7. Nf3 Nbd7 8. O-O
Re8 9. e4 dxe4 10. dxe4 e5 11. Rd1 Qc7 12. h3 Nf8 13. Be3 Be6 14. b3 Rad8 15.
Rac1 Bc8 16. Na4 b6 17. Kh2 Ne6 18. Nc3 Rd7 19. Rxd7 Nxd7 20. h4 Nf6 21. Bh3
Rd8 22. Rd1 Ne8 23. Ng5 Nxg5 24. Bxg5 Bf6 25. Bxf6 Nxf6 26. Bxc8 Qxc8 27. f3
Rxd1 28. Qxd1 Qd7 29. Qxd7 Nxd7 30. Kg2 Nc5 31. Kf2 Kf8 32. Ke3 Ke7 33. b4 Ne6
34. Ne2 Kd6 35. f4 f6 36. Kd3 Ng7 37. Ke3 Ne6 38. f5 Nf8 39. g4 h6 40. Ng3 g5
41. hxg5 hxg5 42. Nh5 Ke7 43. Kd3 Kf7 44. Kc3 Nd7 45. Kb3 a6 46. Ng3 b5 47. Nf1
Nb6 48. Ne3 Ke7 49. a3 Kf7 50. c5 Nd7 51. a4 Nb8 52. Ka3 Ke7 53. Nf1 Kf7 54.
Nd2 Ke7 55. Nb3 Kd7 56. Na5 Kc7 57. Kb3 Nd7 58. Kc3 Nb8 59. axb5 axb5 60. Nb3
Kd7 61. Nd2 Ke7 62. Nf1 Na6 63. Ne3 Nb8 1/2-1/2

[Event "XIII Weekend A"]
[Site "Porto Sant'Elpidio ITA"]
[Date "2010.11.28"]
[Round "5"]
[White "Marsili, Riccardo"]
[Black "Rinaudo, Sergio"]
[Result "1/2-1/2"]
[WhiteElo "1938"]
[BlackElo "2126"]
[PlyCount "46"]
[EventDate "2010.11.20"]

1. e4 e5 2. Nf3 Nf6 3. Nc3 Bb4 4. d3 d5 5. Bd2 Nc6 6. exd5 Nxd5 7. Nxd5 Bxd2+
8. Qxd2 Qxd5 9. Be2 O-O 10. O-O f6 11. Rfd1 Rd8 12. c3 Be6 13. Qc2 Qc5 14. Qa4
Qb6 15. Rab1 a5 16. h3 Qa6 17. b3 b5 18. Qe4 Ne7 19. Rbc1 Qb6 20. d4 Bd5 21.
Qg4 Be6 22. Qe4 Bd5 23. Qg4 Be6 1/2-1/2

[Event "XIII Weekend A"]
[Site "Porto Sant'Elpidio ITA"]
[Date "2010.11.28"]
[Round "5"]
[White "Rinaudo, Andrea"]
[Black "Giobbi, Costantino"]
[Result "1-0"]
[WhiteElo "2099"]
[BlackElo "1916"]
[PlyCount "111"]
[EventDate "2010.11.20"]

1. e4 e6 2. d4 c5 3. Nf3 cxd4 4. Nxd4 a6 5. Bd3 Nc6 6. Nxc6 dxc6 7. Qf3 e5 8.
Qg3 Qe7 9. Nd2 g6 10. Nc4 Bg7 11. O-O Rb8 12. a4 Nh6 13. Bxh6 Bxh6 14. Nxe5 Qg5
15. Nxf7 Qxg3 16. fxg3 Be3+ 17. Kh1 O-O 18. Bc4 Kg7 19. Rad1 b5 20. axb5 axb5
21. Bb3 c5 22. Bd5 Bd4 23. c3 Bf6 24. e5 Be7 25. Ra1 Bb7 26. Be6 c4 27. Nd6
Bxd6 28. exd6 Rf6 29. Rxf6 Kxf6 30. Bg4 Ke5 31. Rd1 Rd8 32. d7 Bc6 33. h4 h5
34. Bh3 Bd5 35. g4 Rxd7 36. Re1+ Kf4 37. gxh5 Rh7 38. hxg6 Rxh4 39. Kh2 Rh6 40.
g7 Rg6 41. Re7 Rg5 42. Rd7 Be4 43. g3+ Ke3 44. g4 Kf2 45. Rf7+ Ke3 46. Kg3 Bd5
47. Rf5 Rxf5 48. gxf5 Kd2 49. Bg2 Bg8 50. Bc6 Kc2 51. Bxb5 Kxb2 52. Bd7 Kxc3
53. Be6 Bh7 54. g8=Q Bxg8 55. Bxg8 Kd4 56. Bxc4 1-0

[Event "XIII Weekend A"]
[Site "Porto Sant'Elpidio ITA"]
[Date "2010.11.28"]
[Round "5"]
[White "Ripa', Daniele"]
[Black "Vesce, Emanuele"]
[Result "0-1"]
[WhiteElo "1927"]
[BlackElo "1832"]
[PlyCount "82"]
[EventDate "2010.11.20"]

1. e4 c5 2. d4 cxd4 3. c3 Nf6 4. e5 Nd5 5. cxd4 d6 6. Bc4 e6 7. Nf3 Nc6 8. O-O
Be7 9. a3 O-O 10. Qe2 Qb6 11. Rd1 Bd7 12. Nc3 Nxc3 13. bxc3 Na5 14. exd6 Bxd6
15. Bd3 Qc7 16. Bxh7+ Kxh7 17. Ng5+ Kg6 18. f4 f5 19. Rd3 Qc4 20. Qf3 Rh8 21.
Qg3 Kf6 22. Ne4+ fxe4 23. Qg5+ Kf7 24. Rg3 Rag8 25. Qxa5 Be7 26. Rb1 Qd5 27.
Qxa7 Qh5 28. Rxb7 Qd1+ 29. Kf2 Qc2+ 30. Kg1 Qxc1+ 31. Kf2 Qd2+ 32. Kf1 e3 33.
Rxe3 Qxe3 34. Rxd7 Qxf4+ 35. Ke2 Qf6 36. h3 Re8 37. a4 Qf5 38. a5 Qe4+ 39. Kf2
Qf4+ 40. Ke2 Qe4+ 41. Kf2 Rhf8 0-1

[Event "XIII Weekend A"]
[Site "Porto Sant'Elpidio ITA"]
[Date "2010.11.28"]
[Round "5"]
[White "Viviani, Alessio"]
[Black "Guglielmi, Dante"]
[Result "0-1"]
[WhiteElo "1958"]
[BlackElo "1906"]
[PlyCount "74"]
[EventDate "2010.11.20"]

1. d4 d5 2. c4 e6 3. Nc3 Nf6 4. Nf3 Be7 5. Bg5 O-O 6. e3 a6 7. Bd3 dxc4 8. Bxc4
b5 9. Bb3 Bb7 10. O-O Nbd7 11. Bxf6 Nxf6 12. Qe2 c5 13. dxc5 Bxc5 14. Rfd1 Qb6
15. Rd2 Rfd8 16. Rad1 Rxd2 17. Qxd2 Ng4 18. Kh1 Qc7 19. h3 Bxf3 20. hxg4 Bxd1
21. Qxd1 Rd8 22. Qf3 Bb4 23. Ne4 Qc1+ 24. Kh2 Qxb2 25. Qf4 Bc3 26. Qg5 Bf6 27.
Qc5 Qe5+ 28. Qxe5 Bxe5+ 29. f4 Bc7 30. Kg1 Bb6 31. f5 Bxe3+ 32. Kf1 exf5 33.
gxf5 a5 34. Ke2 Bc1 35. g4 a4 36. Bc2 Rd4 37. g5 b4 0-1

[Event "XIII Weekend A"]
[Site "Porto Sant'Elpidio ITA"]
[Date "2010.11.28"]
[Round "6"]
[White "Balzano, Filli"]
[Black "Sagripanti, Michele"]
[Result "0-1"]
[WhiteElo "1805"]
[BlackElo "1887"]
[PlyCount "62"]
[EventDate "2010.11.20"]

1. e4 e6 2. d4 d5 3. e5 c5 4. c3 Nc6 5. Nf3 Qb6 6. a3 Bd7 7. b4 cxd4 8. cxd4
Nge7 9. Bb2 Nf5 10. Be2 Be7 11. g4 Nh4 12. Nxh4 Bxh4 13. O-O f6 14. Qd3 fxe5
15. Qh3 Nxd4 16. Bd1 g5 17. Qe3 Rf8 18. Qxe5 Nc6 19. Qe2 O-O-O 20. Nd2 Rf4 21.
Nb3 Rdf8 22. Nc5 Rxf2 23. Rxf2 Rxf2 24. Qxf2 Bxf2+ 25. Kxf2 Qc7 26. Kg2 Qf4 27.
Bc3 Qe3 28. Bg7 Nd4 29. Kf1 Bb5+ 30. Kg2 Be2 31. Bxe2 Qxe2+ 0-1

[Event "XIII Weekend A"]
[Site "Porto Sant'Elpidio ITA"]
[Date "2010.11.28"]
[Round "6"]
[White "Fronzi, Ettore"]
[Black "Briffault, Philippe"]
[Result "0-1"]
[WhiteElo "2024"]
[BlackElo "1961"]
[PlyCount "72"]
[EventDate "2010.11.20"]

1. d4 Nf6 2. c4 g6 3. Nc3 Bg7 4. e4 d6 5. Nf3 O-O 6. Be2 Nbd7 7. O-O e5 8. Be3
Ng4 9. Bg5 f6 10. Bc1 c6 11. h3 Nh6 12. Be3 Nf7 13. Qc1 Qe7 14. Ne1 f5 15. dxe5
dxe5 16. f3 f4 17. Bf2 g5 18. Nd3 h5 19. b4 Nh6 20. Qe1 Rf6 21. Qd1 Rg6 22. Rb1
Nf6 23. Bc5 Qe8 24. b5 g4 25. hxg4 hxg4 26. Nb4 g3 27. bxc6 bxc6 28. Qd6 Nxe4
29. fxe4 Rxd6 30. Bxd6 Qd8 31. Bc5 Qh4 32. Rfd1 Qh2+ 33. Kf1 Qh1+ 34. Bg1 Bg4
35. Rd2 f3 36. Bxf3 Bxf3 0-1

[Event "XIII Weekend A"]
[Site "Porto Sant'Elpidio ITA"]
[Date "2010.11.28"]
[Round "6"]
[White "Giobbi, Costantino"]
[Black "Di Pietro, Gabriele"]
[Result "1/2-1/2"]
[WhiteElo "1916"]
[BlackElo "1856"]
[PlyCount "89"]
[EventDate "2010.11.20"]

1. Nf3 d5 2. d4 Nf6 3. e3 c6 4. Bd3 e6 5. O-O Nbd7 6. Nbd2 Be7 7. Qe2 Qc7 8. c3
e5 9. dxe5 Nxe5 10. Nxe5 Qxe5 11. Nf3 Qh5 12. Nd4 Qxe2 13. Nxe2 Bd7 14. Ng3 g6
15. Bd2 O-O-O 16. Bc2 Be6 17. Ne2 Ne4 18. Be1 f5 19. f3 Nd6 20. Bf2 Rhf8 21.
Nd4 Bg8 22. a4 c5 23. Nb5 a6 24. Nxd6+ Bxd6 25. Rad1 b6 26. Rd2 Rd7 27. Rfd1
Rfd8 28. Bh4 Be7 29. Bxe7 Rxe7 30. e4 fxe4 31. fxe4 Red7 32. Bd3 c4 33. Be2 Be6
34. Bf3 dxe4 35. Rxd7 Rxd7 36. Rxd7 Kxd7 37. Bxe4 a5 38. Kf2 Kd6 39. Ke3 Ke5
40. Bc6 g5 41. g3 h6 42. Bf3 Bd7 43. Bd1 Bc6 44. Bc2 Bd7 45. Bd1 1/2-1/2

[Event "XIII Weekend A"]
[Site "Porto Sant'Elpidio ITA"]
[Date "2010.11.28"]
[Round "6"]
[White "Guglielmi, Dante"]
[Black "Marsili, Riccardo"]
[Result "0-1"]
[WhiteElo "1906"]
[BlackElo "1938"]
[PlyCount "48"]
[EventDate "2010.11.20"]

1. c4 c5 2. Nc3 Nc6 3. g3 g6 4. Bg2 Bg7 5. e3 d6 6. Nge2 Nf6 7. d4 cxd4 8. exd4
O-O 9. O-O Bf5 10. a3 Qc8 11. Re1 e5 12. b3 exd4 13. Nb5 d3 14. Ned4 Nxd4 15.
Nxd4 Ng4 16. Bb2 Qc5 17. Nxf5 Qxf2+ 18. Kh1 Qxf5 19. Qd2 Bxb2 20. Qxb2 Rae8 21.
Qd4 Rxe1+ 22. Rxe1 Qf2 23. Qe4 d2 24. Rg1 Qxg1+ 0-1

[Event "XIII Weekend A"]
[Site "Porto Sant'Elpidio ITA"]
[Date "2010.11.28"]
[Round "6"]
[White "Rinaudo, Andrea"]
[Black "Bruno, Fabio"]
[Result "0-1"]
[WhiteElo "2099"]
[BlackElo "2465"]
[PlyCount "98"]
[EventDate "2010.11.20"]

1. e4 c5 2. Nf3 e6 3. d4 cxd4 4. Nxd4 Nf6 5. Bd3 Nc6 6. Be3 d6 7. O-O Be7 8. c4
O-O 9. Nc3 Bd7 10. b3 Qb8 11. h3 Rc8 12. Rc1 a6 13. f4 Be8 14. Kh1 Rd8 15. Qe2
Nd7 16. f5 Nxd4 17. Bxd4 Ne5 18. fxe6 fxe6 19. Bxe5 dxe5 20. Qg4 Qc8 21. Rcd1
h5 22. Qg3 Qc7 23. Be2 Rxd1 24. Rxd1 Kh7 25. Qe3 Rd8 26. g4 Rxd1+ 27. Nxd1 h4
28. Kg2 Bg6 29. Nf2 Qa5 30. Nd3 Qxa2 31. Nxe5 Bc5 32. Qd3 Qa1 33. Nf3 Qf6 34.
Kf1 Qf4 35. Qd8 Bxe4 36. Qxh4+ Kg8 37. Qd8+ Kf7 38. Qd7+ Be7 39. Kg2 Bc6 40.
Qd1 Bd6 41. Kf2 Bc5+ 42. Kg2 Ke7 43. Qd3 Bd6 44. Kf1 e5 45. Qf5 Qxf5 46. gxf5
Kf6 47. Kf2 Kxf5 48. Bd3+ Kf4 49. Nd2 e4 0-1

[Event "XIII Weekend A"]
[Site "Porto Sant'Elpidio ITA"]
[Date "2010.11.28"]
[Round "6"]
[White "Rinaudo, Sergio"]
[Black "Faini, Marco"]
[Result "1-0"]
[WhiteElo "2126"]
[BlackElo "1951"]
[PlyCount "113"]
[EventDate "2010.11.20"]

1. d4 d5 2. Nf3 e6 3. c4 Nf6 4. Nc3 Be7 5. Bg5 Nbd7 6. e3 O-O 7. Rc1 c6 8. Bd3
Re8 9. O-O Nf8 10. Ne5 N6d7 11. Bxe7 Qxe7 12. Nxd7 Bxd7 13. e4 dxc4 14. Bxc4 e5
15. d5 Qb4 16. Bb3 Rac8 17. a3 Qe7 18. Qf3 Ng6 19. g3 Rf8 20. Rfd1 Kh8 21. h4
Qf6 22. Qxf6 gxf6 23. dxc6 Bxc6 24. Rd6 Kg7 25. Rcd1 Ne7 26. Nd5 Bxd5 27. Bxd5
Rc7 28. Bb3 Rfc8 29. Rd7 h6 30. Kg2 Kf8 31. Kf3 a6 32. Kg4 Ke8 33. Rxc7 Rxc7
34. Kh5 Ng8 35. Rd6 Ke7 36. Rb6 Ke8 37. Bd5 Kf8 38. Bxb7 a5 39. Bd5 Ra7 40.
Rb8+ Kg7 41. b4 f5 42. Rxg8+ Kxg8 43. b5 Rc7 44. b6 Rc8 45. b7 Rb8 46. Kxh6
fxe4 47. Bxe4 Kf8 48. g4 Kg8 49. f3 Rd8 50. Kg5 Kg7 51. Bc6 f6+ 52. Kf5 Kf7 53.
Bd7 Rb8 54. Bc8 Kg7 55. Ke6 Kg6 56. Kd6 f5 57. Bxf5+ 1-0

[Event "XIII Weekend A"]
[Site "Porto Sant'Elpidio ITA"]
[Date "2010.11.28"]
[Round "6"]
[White "Viviani, Alessio"]
[Black "Ricci, Alessio"]
[Result "1-0"]
[WhiteElo "1958"]
[BlackElo "1877"]
[PlyCount "51"]
[EventDate "2010.11.20"]

1. d4 Nf6 2. c4 e6 3. Nf3 d5 4. Nc3 Nbd7 5. Bg5 Be7 6. e3 c6 7. Qc2 O-O 8.
O-O-O h6 9. Bf4 a6 10. g4 dxc4 11. Bxc4 Nd5 12. Nxd5 cxd5 13. Bd3 b5 14. Rhg1
Bb7 15. Qe2 Qa5 16. Kb1 g5 17. h4 f6 18. hxg5 fxg5 19. Ne5 Nxe5 20. Bxe5 Bf6
21. f4 Bxe5 22. fxe5 Rac8 23. Qh2 Qc7 24. Qxh6 Rf7 25. Rh1 Rg7 26. Rdf1 1-0

[Event "XIII Weekend B"]
[Site "Porto Sant'Elpidio ITA"]
[Date "2010.11.20"]
[Round "1"]
[White "Basso, Fabrizio"]
[Black "Iaconi, Andrea"]
[Result "1-0"]
[WhiteElo "1730"]
[BlackElo "1839"]
[PlyCount "103"]
[EventDate "2010.11.20"]

1. e4 e5 2. Nf3 Nf6 3. Nc3 Nc6 4. Bb5 d6 5. O-O Be7 6. d4 Bd7 7. Bxc6 Bxc6 8.
dxe5 dxe5 9. Nxe5 Qxd1 10. Rxd1 Bxe4 11. Nxe4 Nxe4 12. Be3 O-O 13. Rd4 Nf6 14.
Rad1 Bc5 15. R4d3 Bd6 16. Nc4 Be7 17. Na5 b6 18. Nc6 Bd6 19. Bg5 Ng4 20. Be7
Bxe7 21. Nxe7+ Kh8 22. Rd7 c5 23. Nc6 a6 24. Rb7 b5 25. Rdd7 Kg8 26. Ne7+ Kh8
27. Nc6 Kg8 28. Re7 Rfe8 29. Ra7 Rf8 30. h3 Nh6 31. Kf1 g6 32. g4 Rfc8 33. Ne5
Rxa7 34. Rxa7 f6 35. Nd7 Rc6 36. Nb8 Rd6 37. Nxa6 Rd2 38. Nxc5 Rxc2 39. Nd3 Rd2
40. Rd7 Nf7 41. Ke1 Rc2 42. Rd5 Ng5 43. Kd1 Rc4 44. Rxb5 Nxh3 45. Rb8+ Kf7 46.
b4 Rxg4 47. b5 Ra4 48. b6 Rd4 49. Kc2 Kg7 50. b7 Rc4+ 51. Kb3 Rc7 52. Rg8+ 1-0

[Event "XIII Weekend B"]
[Site "Porto Sant'Elpidio ITA"]
[Date "2010.11.20"]
[Round "1"]
[White "Coccagna, Marcello"]
[Black "Maggiore, Francesco"]
[Result "0-1"]
[WhiteElo "1487"]
[BlackElo "1751"]
[PlyCount "52"]
[EventDate "2010.11.20"]

1. d4 d5 2. c4 Nc6 3. Nf3 Bg4 4. e3 Nf6 5. c5 e5 6. Be2 exd4 7. Nxd4 Bxe2 8.
Qxe2 Bxc5 9. Qb5 Bxd4 10. exd4 Rb8 11. O-O O-O 12. Bg5 Nxd4 13. Qd3 Ne6 14.
Bxf6 Qxf6 15. Qxd5 Qxb2 16. Nd2 Rfd8 17. Nc4 Qxf2+ 18. Rxf2 Rxd5 19. Ne3 Rd7
20. Ng4 Rbd8 21. Raf1 f6 22. h4 Rd1 23. h5 h6 24. Nxf6+ gxf6 25. Rxf6 Rxf1+ 26.
Kxf1 Rf8 0-1

[Event "XIII Weekend B"]
[Site "Porto Sant'Elpidio ITA"]
[Date "2010.11.20"]
[Round "1"]
[White "Fornelli, Marco"]
[Black "Spano' Cuomo, Gaetano"]
[Result "0-1"]
[WhiteElo "1648"]
[BlackElo "1784"]
[PlyCount "56"]
[EventDate "2010.11.20"]

1. d4 e6 2. Nf3 d5 3. e3 Nf6 4. Bd3 c5 5. b3 Nc6 6. Bb2 Be7 7. O-O O-O 8. Nbd2
Bd7 9. a3 Rc8 10. Qe2 cxd4 11. exd4 g6 12. Ne5 Nh5 13. g3 Bf6 14. Ndf3 Bg7 15.
Rfe1 Re8 16. Rac1 f5 17. Qd2 Nf6 18. Qe3 Ne4 19. Nxc6 Bxc6 20. Bxe4 fxe4 21.
Ne5 Rf8 22. Rf1 Rf5 23. a4 Qb6 24. Nxc6 bxc6 25. Kh1 Rf3 26. Qd2 Rcf8 27. Rce1
e3 28. Rxe3 Bh6 0-1

[Event "XIII Weekend B"]
[Site "Porto Sant'Elpidio ITA"]
[Date "2010.11.20"]
[Round "1"]
[White "Giampieri, Stefano"]
[Black "Ramini, Luigi"]
[Result "0-1"]
[WhiteElo "1849"]
[BlackElo "1714"]
[PlyCount "78"]
[EventDate "2010.11.20"]

1. d4 d5 2. c4 e6 3. Nc3 Nf6 4. e3 c6 5. Nf3 Bd6 6. Bd3 O-O 7. O-O b6 8. e4
dxe4 9. Nxe4 Nxe4 10. Bxe4 Bb7 11. Bxh7+ Kxh7 12. Ng5+ Kg6 13. Qd3+ f5 14. Nxe6
Rh8 15. Bf4 Bxf4 16. Nxf4+ Kf6 17. Rfe1 Re8 18. Qh3 Bc8 19. Qh5 Re4 20. Qg6+
Ke7 21. Qxg7+ Ke8 22. Ng6 Qd6 23. f3 Re6 24. Qg8+ Kd7 25. Nf8+ Ke7 26. Ng6+ Kd7
27. Rxe6 Qxd4+ 28. Kh1 Kc7 29. Qf7+ Nd7 30. Ne5 Qxb2 31. Rd1 Qe2 32. Rxc6+ Kb7
33. Rxd7+ Bxd7 34. Qxd7+ Ka6 35. Qd4 Rd8 36. Qg1 Rd1 37. h3 Rxg1+ 38. Kxg1 Qe1+
39. Kh2 Qxe5+ 0-1

[Event "XIII Weekend B"]
[Site "Porto Sant'Elpidio ITA"]
[Date "2010.11.20"]
[Round "1"]
[White "Ibershimi, Lindita"]
[Black "Bonoli, Luciano"]
[Result "1-0"]
[WhiteElo "1560"]
[BlackElo "1774"]
[PlyCount "61"]
[EventDate "2010.11.20"]

1. d4 Nf6 2. c4 e6 3. Nf3 c6 4. Nc3 d5 5. cxd5 exd5 6. Bg5 Be7 7. e3 Nbd7 8.
Bd3 h6 9. Bf4 O-O 10. h3 Nb6 11. O-O Bd6 12. Ne5 Bxe5 13. Bxe5 Qe7 14. Qf3 Be6
15. Bxf6 Qxf6 16. Qxf6 gxf6 17. f3 Rac8 18. e4 dxe4 19. fxe4 Kg7 20. Rf3 Rg8
21. Raf1 Bc4 22. Rg3+ Kf8 23. Rxg8+ Kxg8 24. Bxc4 Nxc4 25. b3 Nb6 26. Rxf6 Kg7
27. e5 Nd5 28. Nxd5 cxd5 29. Rd6 Rc2 30. Rxd5 Rxa2 31. Rd7 1-0

[Event "XIII Weekend B"]
[Site "Porto Sant'Elpidio ITA"]
[Date "2010.11.20"]
[Round "1"]
[White "Marinucci, Johnny"]
[Black "Paja, Vega"]
[Result "1/2-1/2"]
[WhiteElo "1762"]
[BlackElo "1488"]
[PlyCount "94"]
[EventDate "2010.11.20"]

1. d4 Nf6 2. Bf4 d5 3. e3 e6 4. Nd2 c5 5. c3 Nc6 6. Bd3 cxd4 7. exd4 Bd6 8. Bg3
O-O 9. f4 Qc7 10. Nh3 g6 11. O-O Nh5 12. Qe2 Bd7 13. Nf3 Nxg3 14. hxg3 a6 15.
Nf2 Kg7 16. Ng4 b5 17. a3 h5 18. Nge5 Nxe5 19. Nxe5 Be7 20. Nf3 Rh8 21. Qe5+
Qxe5 22. Nxe5 Bc8 23. Kf2 Bb7 24. Rh1 Bd6 25. Rae1 Bxe5 26. Rxe5 Bc6 27. Ree1
a5 28. Rc1 Rhc8 29. Ra1 Rab8 30. b4 a4 31. Ke3 Bd7 32. Kd2 Rh8 33. Be2 Rh7 34.
Rh4 Rbh8 35. Rah1 Bc6 36. g4 hxg4 37. Rxh7+ Rxh7 38. Rxh7+ Kxh7 39. Bxg4 Kh6
40. Ke3 Bd7 41. Be2 g5 42. Kf3 f5 43. Bd3 g4+ 44. Kg3 Kh5 45. Be2 Bc6 46. Kf2
Kh4 47. g3+ Kh3 1/2-1/2

[Event "XIII Weekend B"]
[Site "Porto Sant'Elpidio ITA"]
[Date "2010.11.20"]
[Round "1"]
[White "Mircoli, Filippo"]
[Black "Morelli, Basilio"]
[Result "1/2-1/2"]
[WhiteElo "1737"]
[BlackElo "1466"]
[PlyCount "81"]
[EventDate "2010.11.20"]

1. e4 c5 2. Nf3 Nc6 3. d4 cxd4 4. Nxd4 e5 5. Nxc6 bxc6 6. c4 Nf6 7. Nc3 Bb4 8.
Bd3 O-O 9. Bg5 Be7 10. O-O Nxe4 11. Nxe4 Bxg5 12. Qh5 h6 13. Nd6 c5 14. Rad1
Qf6 15. Be4 Rb8 16. b3 Rb6 17. Nf5 d5 18. Nxh6+ Qxh6 19. Qxh6 Bxh6 20. Bxd5 Bb7
21. Bxb7 Rxb7 22. Rd5 Rc7 23. Rxe5 Bd2 24. Rd1 Bc3 25. Red5 Re8 26. Rd8 Rxd8
27. Rxd8+ Kh7 28. g4 g6 29. Rd5 Bb4 30. Kg2 Re7 31. Kf3 Kg7 32. h4 Re1 33. h5
Ra1 34. a4 Ra2 35. hxg6 Kxg6 36. Ke3 Rb2 37. Rd3 Be1 38. f4 Bf2+ 39. Ke4 Bd4
40. Rg3 f5+ 41. gxf5+ 1/2-1/2

[Event "XIII Weekend B"]
[Site "Porto Sant'Elpidio ITA"]
[Date "2010.11.20"]
[Round "1"]
[White "Silvestri, Giorgio"]
[Black "Marchetti, Michael"]
[Result "1-0"]
[WhiteElo "1780"]
[BlackElo "1618"]
[PlyCount "68"]
[EventDate "2010.11.20"]

1. d4 Nf6 2. c4 d5 3. Nc3 e6 4. Nf3 c5 5. cxd5 Nxd5 6. e4 cxd4 7. Qxd4 Nxc3 8.
Qxc3 Nc6 9. Bb5 Bd7 10. O-O a6 11. Ba4 b5 12. Bb3 b4 13. Qe3 Be7 14. Rd1 Qc7
15. Qd3 Qb7 16. Bf4 Rd8 17. Rac1 O-O 18. Qb1 Rc8 19. Bd6 Bxd6 20. Rxd6 Rfd8 21.
Rcd1 Be8 22. Rxd8 Rxd8 23. Rxd8 Nxd8 24. Qd3 Qc8 25. g3 Nc6 26. Bc2 f6 27. Kg2
a5 28. Bb3 Bf7 29. Qd6 e5 30. Ba4 Nd4 31. Nxd4 exd4 32. Qxd4 Bxa2 33. b3 Qc3
34. Qd8+ Kf7 1-0

[Event "XIII Weekend B"]
[Site "Porto Sant'Elpidio ITA"]
[Date "2010.11.20"]
[Round "2"]
[White "Bonoli, Luciano"]
[Black "Coccagna, Marcello"]
[Result "1-0"]
[WhiteElo "1774"]
[BlackElo "1487"]
[PlyCount "115"]
[EventDate "2010.11.20"]

1. c4 Nf6 2. g3 e5 3. Bg2 Bc5 4. Nc3 c6 5. d3 Qb6 6. e3 d6 7. Bd2 Bg4 8. Qc2 a5
9. Na4 Qa7 10. Nxc5 Qxc5 11. Rb1 Na6 12. a3 d5 13. b4 axb4 14. axb4 Qe7 15. b5
cxb5 16. cxd5 O-O 17. e4 Rac8 18. Qb2 Rc5 19. f3 Bd7 20. Ne2 Rfc8 21. Rc1 b4
22. Kf2 Bb5 23. Bxb4 Nxb4 24. Qxb4 Bxd3 25. Rxc5 Qxc5+ 26. Qxc5 Rxc5 27. Rc1
Rxc1 28. Nxc1 Bc4 29. Bf1 b5 30. Bxc4 bxc4 31. Ke3 Nd7 32. Kd2 Nb6 33. Kc3 f5
34. Ne2 fxe4 35. fxe4 Kf7 36. Kb4 Ke7 37. Kc5 Nd7+ 38. Kxc4 Nf6 39. Nc3 Ng4 40.
h3 Nf6 41. Kc5 Ne8 42. Nb5 Nf6 43. Nc3 Nd7+ 44. Kc6 Nb8+ 45. Kb6 Nd7+ 46. Kc7
Nf6 47. Kc6 Ne8 48. Nb5 Nf6 49. d6+ Kd8 50. Nc3 Nd7 51. Kd5 Ke8 52. Nb5 Kf7 53.
Nc7 h5 54. Na6 Kf6 55. Kc6 Ke6 56. Nc5+ Nxc5 57. Kxc5 g6 58. Kc6 1-0